000 01002nas a2200289 4500
001 BR2015004952
003 BR-BrBNA
005 20231205125646.0
007 ta
008 230509b bl.|||p| |||| 00| 00por d
040 _aBR-BrBNA
_bpor
_cBiblioteca Nacional de Agricultura
041 _a(Pt)
072 _aP33
100 1 _aMiola, E.C.C.
100 1 _aPauletto, E.A.
100 1 _aLima, C.L.R. de
100 1 _aPinto, L.F.S.
100 1 _aTimm, L.C.
245 1 _aIntervalo hídrico ótimo em solo construído após mineração de carvão em diferentes limites criticos de resistência à penetração e umidade
650 _aPLANTA DE COBERTURA
650 _aANÁLISE DO SOLO
650 _aQUALIDADE
773 0 _tRevista Brasileira de CIência do Solo (Brazil)
_xISSN 1806-9657
_g(Mar-Apr 2015), v. 39(2) p. 563-572
_wBR2015004952
856 4 0 _uhttp://www.scielo.br/pdf/rbcs/v39n2/0100-0683-rbcs-39-2-0563.pdf
909 _a202311
_bLúcia
_c55
_dLúcia Elande
942 _2AGRIS
_n0
_cANA
999 _c245424
_d245424